Les Pokémons avec au moins 3 stat de base dépassant 100 (hors méga) - Statistiques

Statistiques générales
  • Ce quiz a été pris 30 fois
  • Le résultat moyen est 119 sur 155
Statistiques - réponses
Pokémons % Correct
Celebi
100%
Dracolosse
100%
Jirachi
100%
Mew
100%
Mewtwo
100%
Victini
100%
Boréas Avatar
92%
Boréas Totémique
92%
Créfadet
92%
Créfollet
92%
Cresselia
92%
Démétéros Avatar
92%
Deoxys
92%
Deoxys Attaque
92%
Dialga
92%
Dialga Originel
92%
Drattak
92%
Fulguris Avatar
92%
Fulguris Totémique
92%
Giratina Aternatif
92%
Giratina Originel
92%
Groudon
92%
Ho-Oh
92%
Kyogre
92%
Latias
92%
Latios
92%
Lugia
92%
Meloetta Chant
92%
Meloetta Danse
92%
Palkia
92%
Palkia Originel
92%
Rayquaza
92%
Reshiram
92%
Shaymin Céleste
92%
Shaymin Terrestre
92%
Tyranocif
92%
Zacian Epée
92%
Zacian Héros
92%
Zamazenta Bouclier
92%
Zamazenta Héros
92%
Zekrom
92%
Zeraora
92%
Ama-Ama
85%
Arceus
85%
Bamboiselle
85%
Blizzeval
85%
Cancrelove
85%
Carchacrok
85%
Diancie
85%
Ékaïser
85%
Éthernatos
85%
Fort-Ivoire
85%
Garde-de-Fer
85%
Hoopa Déchaîné
85%
Hoopa Enchaîné
85%
Hotte-de-Fer
85%
Katagami
85%
Kyurem
85%
Kyurem Blanc
85%
Kyurem Noir
85%
Lunala
85%
Manaphy
85%
Motisma Chaleur
85%
Motisma Froid
85%
Motisma Hélice
85%
Motisma Lavage
85%
Motisma Tonte
85%
Mouscoto
85%
Muplodocus
85%
Muplodocus de Hisui
85%
Necrozma
85%
Necrozma AA
85%
Necrozma CC
85%
Paume-de-Fer
85%
Pierroteknik
85%
Regice
85%
Regigigas
85%
Regirock
85%
Rhinastoc
85%
Roue-de-Fer
85%
Rugit-Lune
85%
Shifours
85%
Solgaleo
85%
Spectreval
85%
Sylveroy CE
85%
Sylveroy CF
85%
Volcanion
85%
Xerneas
85%
Yveltal
85%
Zarude
85%
Zéroïd
85%
Zygarde 50%
85%
Zygarde Parfait
85%
Chef-de-Fer
77%
Feu-Perçant
77%
Heatran
77%
Koraidon
77%
Lanssorien
77%
Magearna
77%
Miraidon
77%
Mite-de-Fer
77%
Monaflèmit
77%
Roc-de-Fer
77%
Suicune
77%
Terapagos Stellaire
77%
Terapagos Téracristal
77%
Dinglu
69%
Entei
69%
Épine-de-Fer
69%
Flotte-Mèche
69%
Froussardine Banc
69%
Hurle-Queue
69%
Pomdorochi
69%
Pyrax
69%
Raikou
69%
Regidrago
69%
Regieleki
69%
Roitiflam
69%
Ronflex
69%
Ursaking
69%
Ursaking LV
69%
Vert-de-Fer
69%
Yuyu
69%
Bouldeneu
62%
Darumacho Transe
62%
Darumacho Transe de Galar
62%
Flâmigator
62%
Noctunoir
62%
Pondralugon
62%
Rhinoféros
62%
Scalpereur
62%
Simiabraz
62%
Aéroptéryx
54%
Archéduc
54%
Melmetal
54%
Gigansel
46%
Hippodocus
46%
Superdofin Super
46%
Amovénus Avatar
38%
Amovénus Totémique
38%
Cerbyllin
38%
Corboss
38%
Dolman
38%
Goupelin
38%
Grotadmorv
38%
Grotadmorv d'Alola
38%
Magirêve
38%
Zoroark
38%
Zoroark de Hisui
38%
Fermite
31%
Oyacata
31%
Tauros de Paldea
31%
Bourrinos
23%
Lançargot
23%
Météno Noyau
23%
Aucun quiz correspondant
Distribution des résultats
% des personnes avec chaque résultat
Percentile par nombre de réponses
Votre historique - résultats
Vous n’avez pas pris ce quiz